La sagrada litugia renovada por el Concilio / (Record no. 189628)

MARC details
000 -LEADER
campo de control de longitud fija 00890nam a2200193 i 4500
001 - NÚMERO DE CONTROL
campo de control 189628
003 - IDENTIFICADOR DE NÚMERO DE CONTROL
campo de control ES-MaACL
005 - FECHA Y HORA DE LA ÚLTIMA TRANSACCIÓN
campo de control 20230906223522.0
008 - DATOS DE LONGITUD FIJA--INFORMACIÓN GENERAL
campo de control de longitud fija 190705s1965 sp |||| | spa d
100 0# - ENTRADA PRINCIPAL--NOMBRE DE PERSONA
Nombre de persona Barauna, Guilherme.
9 (RLIN) 25353
245 13 - MENCIÓN DEL TÍTULO
Título La sagrada litugia renovada por el Concilio /
Mención de responsabilidad, etc. obra en colaboración dirigida por Guilherme Barauna ; estudios y comentarios sobre la Constitución litúrgica del Concilio Ecuménico Vaticano II con el texto latino y español de la Constitución y otros documentos ; versión... de los Religiosos Dominicos de la Facultad Teologica de San Esteban de Salamanca.
260 ## - PUBLICACIÓN, DISTRIBUCIÓN, ETC.
Lugar de publicación, distribución, etc. Madrid :
Nombre del editor, distribuidor, etc. Studium,
Fecha de publicación, distribución, etc. 1965.
300 ## - DESCRIPCIÓN FÍSICA
Extensión 903 p. ;
Dimensiones 22 cm.
490 1# - MENCIÓN DE SERIE
Mención de serie Colección "Liturgia" Serie A ;
Designación de volumen o secuencia 1
650 04 - PUNTO DE ACCESO ADICIONAL DE MATERIA--TÉRMINO DE MATERIA
Término de materia o nombre geográfico como elemento de entrada Liturgia.
9 (RLIN) 14683
830 0# - PUNTO DE ACCESO ADICIONAL DE SERIE-TÍTULO UNIFORME
Título uniforme Colección "Liturgia" Serie A ;
Designación de volumen o secuencia 1
9 (RLIN) 225842
852 ## - LOCALIZACIÓN
Ubicación ES-MaACL
Número de control de estantería P-623-Ter-1
Holdings
Estatus retirado Estado de pérdida Estado de daño No para préstamo Biblioteca de origen Biblioteca actual Ubicación en estantería Fecha de adquisición Fuente de adquisición Total de préstamos Signatura topográfica completa Código de barras Visto por última vez Precio de reemplazo Tipo de ítem Koha
        Biblioteca del Ateneo de Madrid Biblioteca del Ateneo de Madrid Depósito 2 05/07/2019     P-623-Ter-1 1200994 23/02/2023 23/02/2023 Libro impreso